000 003960000a22001570004500
020 _a84-322-0488-9
041 0 _aSPA
082 0 4 _aG 891.863 K9645b
100 1 _aKundera, Milan (1929-)
245 1 0 _aLa broma / Milan Kundera ; Fernando de Valenzuela, Traductor
260 _aBarcelona : Seix Barral
300 _a328 Pag
500 _aTítulo original : Zert
001 13150
942 _cBK
999 _c42140
_d42140